000 00780cam a22002055a 4500
001 L141333
008 071116s1855 xxk eng u
035 _a(Sirsi) u141333
110 2 _aLand Surveyors Club
_94346
245 0 0 _aLand Surveyors' Club [scale of charges]
260 _aLondon
_bLand Surveyors' Club
_c1855
300 _a3 p.
_c34 cm.
340 _aPrinted
351 _aSingle item
500 _aItem has been annotated on the front page in pen: 'Forwarded by direction of a resolution at the meeting on Monday the 27th May 1867', signed with the initials R.C.D. [Robert Collier Driver?]. The scales of charges inside have been annotated in pencil.
500 _aPresented by J. O. Rhys.
651 4 _aUnited Kingdom
_y
690 _aABOUT RICS
942 _n0
999 _c116708
_d116708